| 000 | 00701nam a2200205Ii 4500 | ||
|---|---|---|---|
| 003 | JO-AjNU | ||
| 008 | 230605s9999||||xx |||||||||||||| ||und|| | ||
| 040 |
_aJO-AjNU _bara _erda _cJO-AjNU |
||
| 041 | _aara | ||
| 050 | 1 | 4 | _aBP173.4.I3642 1985 |
| 100 | 3 |
_aالجوزي، أبي الفرج, _eauthor _917154 |
|
| 245 | 0 | 0 | _aأحكام النساء: عقائد- عبادات- معاملات- آداب-سيرة |
| 250 | _aط2 | ||
| 264 | 3 | 1 | _aبيروت: دار الكتب العلمية، 1985 |
| 300 | _a158ص | ||
| 336 |
_atext _btxt _2rdacontent |
||
| 337 |
_aunmediated _bn _2rdamedia |
||
| 338 |
_avolume _bnc _2rdacarrier |
||
| 650 | 4 |
_aالمرأة في الاسلام- فقه اسلامي _917155 |
|
| 999 |
_aA5238 _c8806 _d8806 |
||